| 000 | 00980nam a2200229 a 4500 | ||
|---|---|---|---|
| 005 | 20200104041750.0 | ||
| 008 | 160913b2006 -usd||||r|||| 00| 0 eng d | ||
| 040 |
_aCO-BoIAVH _cCO-BoIAVH |
||
| 041 | 0 | _aeng | |
| 044 | _axxu | ||
| 090 |
_aLB- _b5920 |
||
| 110 | 2 |
_aSan Diego State University _bDepartment of Biology |
|
| 245 | 1 | 0 |
_aSan Diego multiple species conservation program covered species priorization for task b of local assistance grant #P0450009 / _cSan Diego State University, Department of Biology |
| 260 |
_a[Estados Unidos?] : _bSan Diego State University, Department of Biology, _c2006. |
||
| 300 |
_a133 páginas ; _c28 x 22 cm. |
||
| 504 | _aIncluye referencias bibliográficas. | ||
| 650 | 2 | 6 |
_aFauna _xconservación _zSan Diego (Estados Unidos) |
| 650 | 2 | 6 |
_aPlantas _xconservación _zSan Diego (Estados Unidos) |
| 650 | 2 | 6 | _aEvaluación de los recursos forestales |
| 650 | 2 | 6 | _aEvaluación de riesgos |
| 942 |
_2z _cINFORME |
||
| 999 |
_c19014 _d19014 |
||